000 00683cam a22002293a 4500
001 14829
003 PGUSA
005 20140828083322.0
008 050129s2005||||xxu|||||s|||||000 | eng d
040 _aPGUSA
_beng
042 _adc
050 4 _aPZ
245 1 0 _aOur Holidays :
_bTheir Meaning and Spirit; retold from St. Nicholas
_h[electronic resource] /
_cVarious
260 _bProject Gutenberg,
_c2005
506 _aPublic domain in the USA.
516 _aElectronic text
653 _aHolidays -- Juvenile literature
653 _aFestivals -- Juvenile literature
830 0 _aProject Gutenberg
_v14829
856 4 0 _uhttp://www.gutenberg.org/ebooks/14829
942 _cEB
999 _c244084
_d244084